| 000 | 00763nam a2200217Ii 4500 | ||
|---|---|---|---|
| 003 | JO-AjNU | ||
| 008 | 230605s9999||||xx |||||||||||||| ||und|| | ||
| 017 | _a2006/11/3084 | ||
| 040 |
_aJO-AjNU _bara _erda _cJO-AjNU |
||
| 041 | _aara | ||
| 050 | 1 | 4 | _aLB3051.A4482 2010 |
| 100 | 3 |
_aعلام،صلاح الدين محمود, _eauthor _929380 |
|
| 245 | 0 | 0 | _aالقياس والتقويم التربوي في العملية التدريسية |
| 250 | _aط3 | ||
| 264 | 3 | 1 | _aعمان:دار المسيرة،2010 |
| 300 | _a320ص | ||
| 336 |
_atext _btxt _2rdacontent |
||
| 337 |
_aunmediated _bn _2rdamedia |
||
| 338 |
_avolume _bnc _2rdacarrier |
||
| 650 | 4 |
_aقياس التحصيل-التربية-عمليات التعلم-أساليب التدريب _929381 |
|
| 999 |
_aA11515 _c15083 _d15083 |
||